اكتمل التصدير — 

مي زيادة : حياتها, شخصيتها, أدبها, فنها : التوهج والافول / Mayy Ziyādah : al-tawwahij wa-al-ufūl : ḥayātuhā, shakhṣīyatuhā, adabuhā, fannuhā

محفوظ في:

المؤلف الرئيسي: , Rūz. Ghurayyib.

التنسيق: كتاب

اللغة: Undetermined

منشور في: Bayrūt Muʼassasat Nūfal, 1978

الموضوعات:

الوسوم: إضافة وسم

لا توجد وسوم, كن أول من يضع وسما على هذه التسجيلة!

رقم الطلب: A99 MAYY

LEADER 00689nam a2200169Ia 4500
008 240404s9999||||xx |||||||||||||| ||und||
050 4 |a A99 MAYY 
100 1 |a , Rūz. Ghurayyib. 
245 1 0 |a مي زيادة : حياتها, شخصيتها, أدبها, فنها : التوهج والافول / Mayy Ziyādah : al-tawwahij wa-al-ufūl : ḥayātuhā, shakhṣīyatuhā, adabuhā, fannuhā   |c , Rūz. Ghurayyib 
264 1 |a Bayrūt  |b Muʼassasat Nūfal,  |c 1978 
300 |a 230  |c 19 
650 4 |a Authors, Arab Lebanon Biography 
650 4 |a Écrivains arabes Liban Biographies 
650 4 |a Women authors, Arab  
650 4 |a Women authors, Arab Lebanon Biography 
942 |2 lcc  |c BK 
999 |c 58042  |d 58042